000 01073nam0a22002531 4500
001 rc\2815011
005 20250806211036.0
035 _a(NLR Aleph) 006940787
090 _a38732
_c38732
100 _a20110915d1945 u y0rusy50 ca
101 0 _arus
102 _aRU
105 _ay z |||||
200 1 _aИнструкция по подготовке и эксплоатации транспортных и специальных автомашин и тракторов в осенне-зимних условиях
_e[Утв. 31-го июля 1945 г.]
_fУпр. воен. воздуш. сил Красной Армии
210 _aМосква
_cВоен. изд-во
_d1945
_gтип. им. Тимошенко
215 _a52 с.
_d14 см.
712 0 1 _aСССР
_bУправление воен. воздуш. сил Красной Армии
801 0 _aRU
_bNLR
_gpsbo
801 1 _aRU
_bELAR
_2rusmarc
852 _aNLR
_jВ60 Г-2/1146
942 _cBOOK
945 _aРоссийская национальная библиотека
980 _aNB
980 _aBV